Estadística elemental: lo esencial
Gardado en:
| Main Authors: | , |
|---|---|
| Formato: | Libro |
| Idioma: | Lingua castelá |
| Publicado: |
Ciudad de México
International Thomson
1999
|
| Subjects: | |
| Tags: |
Engadir etiqueta
Sen Etiquetas, Sexa o primeiro en etiquetar este rexistro!
|
MARC
| LEADER | 00000nam a2200000 a 4500 | ||
|---|---|---|---|
| 001 | UCN9635 | ||
| 003 | CL-VaPUC | ||
| 005 | 20231128125411.0 | ||
| 008 | 011221e19990000MX |||||||||||||||||spa|d | ||
| 999 | |c 298935 |d 298933 | ||
| 020 | |a 9687529105 | ||
| 040 | |c Pontificia Universidad Católica de Valparaíso | ||
| 082 | 0 | 4 | |a 519.5 |b JOH |2 21 |
| 100 | |a Johnson, Robert Russell |e author |9 858422 | ||
| 245 | 1 | 0 | |a Estadística elemental: lo esencial |
| 260 | |a Ciudad de México |b International Thomson |c 1999 | ||
| 300 | |a 482 p | ||
| 583 | |a last modification |c 20011221 00:00:00 |k Rodrigo Vera | ||
| 650 | 7 | |a ESTADISTICAS DESCRIPTIVAS |2 CL-VaPUC |9 335950 | |
| 650 | 0 | |a Inferencia estadística |9 312855 | |
| 650 | 0 | |a Análisis descriptivo |9 457670 | |
| 700 | 0 | |a Kuby, Patricia |e author |9 466200 | |
| 852 | |a BIBCUR | ||
| 942 | |c BK |2 ddc | ||
| 945 | |d 20011221 00:00:00 |a vberengu | ||
| 952 | |0 0 |1 0 |4 0 |6 519_500000000000000_JOH_1999 |7 0 |8 A |9 354982 |a BIBGIM |b BIBGIM |d 2019-11-21 |i 3784843 |o 519.5 JOH 1999 |p 3784843 |r 2025-01-15 |w 2019-11-21 |y BK |k EST | ||
| 952 | |0 0 |1 0 |4 0 |6 519_500000000000000_JOH_1999 |7 0 |8 A |9 354983 |a BIBCUR |b BIBCUR |d 2019-11-21 |i 3915611 |o 519.5 JOH 1999 |p 3915611 |r 2025-04-22 |w 2019-11-21 |y BK |k BAC | ||
| 952 | |0 0 |1 0 |4 0 |6 519_500000000000000_JOH_1999 |7 0 |8 A |9 354985 |a BIBCUR |b BIBCUR |d 2019-11-21 |i 3971058 |l 1 |o 519.5 JOH 1999 |p 3971058 |r 2025-04-22 |s 2024-07-01 |w 2019-11-21 |y BK |k BAC | ||
| 952 | |0 0 |1 0 |4 0 |6 519_500000000000000_JOH_1999 |7 0 |8 A |9 354986 |a BIBCUR |b BIBCUR |d 2019-11-21 |i 3971066 |o 519.5 JOH 1999 |p 3971066 |r 2025-04-22 |w 2019-11-21 |y BK |k BAC | ||
| 952 | |0 0 |1 0 |4 0 |6 519_500000000000000_JOH_1999 |7 0 |8 A |9 354987 |a BIBCUR |b BIBCUR |d 2019-11-21 |i 3971074 |l 4 |o 519.5 JOH 1999 |p 3971074 |r 2025-04-22 |s 2024-04-18 |w 2019-11-21 |y BK |k BAC | ||
| 952 | |0 0 |1 0 |4 0 |6 519_500000000000000_JOH_1999 |7 0 |8 A |9 354988 |a BIBCUR |b BIBCUR |d 2019-11-21 |i 3971082 |o 519.5 JOH 1999 |p 3971082 |r 2025-04-22 |w 2019-11-21 |y BK |k BAC | ||
| 952 | |0 0 |1 0 |4 0 |6 519_500000000000000_JOH_1999 |7 0 |8 A |9 354989 |a BIBCUR |b BIBCUR |d 2019-11-21 |i 3971090 |o 519.5 JOH 1999 |p 3971090 |r 2025-04-22 |w 2019-11-21 |y BK |k BAC | ||